00525cam a22002171 4500001001300000003000400013005001700017008004100034010001700075035002000092040001800112042001200130050001900142100002300161245003600184260001100220300002300231500001700254500001900271999001700290sa 64009084 DLC20260227112059.0890710s1963 ii 000 1 gujo  asa 64009084  a(OCoLC)19987514 aDLCcWaUdDLC apremarc00aPK1859.B47bP30 aVasubahena,d1924-10aPāndaḍe pāndaḍe motī. c[1963] a15, 278 p.c18 cm. aIn Gujarati. aShort stories. c61248d61248